00610nam a2200217Ia 4500008004100000041001200041082000800053082001100061100001600072100001100088245002900099260001700128260002500145260000900170300001500179365002500194650002300219942000700242999001900249952012400268150909s9999 xx 000 0 und d aEnglish a547 bBAN/NA aBanks J.E  eAuthor aNaming organic compounds aphiladelphia bW B Saunders Company c1976 a300 Pages aRs.100  aOrganic chemistory cBK c247429d247429 00104070aKAUCOAbKAUCOAd2022-03-03g100.00l0o547 BAN/NApKAU-COA-5250 r2015-09-16 00:00:00w2015-09-16yBK